00359nam a22001337a 4500008004100000040005500041080001200096100001900108245001500127260004900142300001000191650001200201653001200213230511b |||||||| |||| 00| 0 eng d aNational Science LibrarycNational Science Library a575bK1 aWallace, Bruce aAdaptation aNew Jersey: bPrentice Hall, Inc., c1961 a113p. aScience aBiology